Ten years after: Hungarian grand entrepreneurs in the European Union

Enregistré dans:
Détails bibliographiques
Auteur principal: Laki, Mihály
Autres auteurs: Szalai, Júlia
Format: Livre
Langue:anglais
Publié: Budapest Institute of Economics, Hungarian Academy of Sciences 2015
Sujets:
Tags: Ajouter un tag
Pas de tags, Soyez le premier à ajouter un tag!

MARC

LEADER 00000nam a2200000 4500
001 0211823
005 20240314085947.1
020 |a 978-615-5594-15-1 
041 0 |a eng 
044 |a HU 
245 1 0 |a Ten years after: Hungarian grand entrepreneurs in the European Union  |c Mihály Laki, Júlia Szalai 
264 1 |a Budapest  |b Institute of Economics, Hungarian Academy of Sciences  |c 2015 
300 |a 223 s. 
610 2 0 |a podnikanie 
610 2 0 |a manažéri 
610 2 0 |a vývoj 
610 2 0 |a výskum 
610 2 0 |a metodológia 
610 2 0 |a spoločnosti 
610 2 0 |a trh 
610 2 0 |a dôsledky sociálne 
610 2 0 |a situácia hospodárska 
610 2 0 |a podnikatelia 
610 2 0 |a rodina 
610 2 0 |a podnik rodinný 
610 2 0 |a Maďarsko 
610 2 0 |a Európska únia 
100 1 |a Laki, Mihály 
700 1 |a Szalai, Júlia